00902nam a2200181 a 4500020002700000020003000027082001200057100002200069245004700091250001200138260002800150300001300178520033700191856007000528942000800598999001300606952010100619 a0471373699 (hardcover) a9780471373698 (hardcover) a543 ENK1 aEnke, Christie G.14aThe art and science of chemical analysis / a1st ed. aNew YorkbWiley,c2000. a528 p. ; aGraphs and Excel-based problems appear throughout the book and are supported by user-friendly templates on the accompanying CD. * Study questions and problems appear every few pages throughout the book. These questions are followed by answers. * Enke's book is organized by differentiating characteristics rather than by techniques.40uhttp://www.amazon.com/exec/obidos/ASIN/0471373699/chopaconline-20 cREF c302d302 0010708NFICaICbICcGENd2015-03-02l0o543 ENKp004167r2015-03-02 00:00:00w2015-03-02yREF